Мифологический словарь (Запис номер 58440)
[ съкратено ]
| 000 -Лидер | |
|---|---|
| Контролно поле с фиксирана дължина | 01344nam a2200313 c 4500 |
| 003 - Код на организацията, давaща контролен номер | |
| Контролно поле | BLK |
| 005 - Дата и час на последна редакция | |
| Контролно поле | 20180422102159.0 |
| 008 - Елементи от данни с фиксирана дължина | |
| fixed length control field | 180408b bul|||||r ||||||| ||bul|| |
| 010 ## - Наследен системен номер | |
| LC control number | KNG00062480000 |
| 020 ## - Международен стандартен номер на книга ISBN | |
| Международен стандартен номер на книга ISBN | 5-85270-032-0 |
| -- | издат.: Сов. энциклопедия |
| 040 ## - Източник на каталожния запис | |
| Идентификатор на билиотеката - собственик на записа | BLK |
| 041 ## - Код за език | |
| Код за езика на текст/звукозапис или на отделно заглавие | Руски |
| Код за езика КДБФ | Руски |
| 080 ## - УДК | |
| Текстов определител УДК | Класически митологии. Религии на Древна Гърция и Рим, етруска религия. Подразделя се като 291 |
| УДК код - определител по УДК | 292 |
| УДК определител | (038) |
| УДК - код + определител | 292(038) |
| 139 ## - Редно поле | |
| Редна дума | Мифологический словарь |
| Авторски знак | Мито - М 72 |
| 245 10 - Сведения за заглавието | |
| Заглавие | Мифологический словарь |
| Редно поле (дума) | глав. ред. Е. М. Милетинский; * Елеазар Моисеевич Мелетински. |
| 260 ## - Област на издателските данни | |
| -- | Москва |
| Име на издателя, разпространителя и проч. | Сов. энциклопедия |
| Година на издаване | 1990 |
| 300 ## - Физическа характеристика | |
| Страници | 672 с. |
| Размери/Мащаб | 27 см |
| 380 ## - Жанр | |
| Жанр | Религия. Теология |
| 650 #4 - Допълнително описание по предмет – тема | |
| Основно описание – тема или топоним | Митология |
| 9 (RLIN) | 162418 |
| 653 ## - Ключова дума – ненормативна | |
| Ключова дума | митове |
| 653 ## - Ключова дума – ненормативна | |
| Ключова дума | речници |
| 700 1# - Други автори (авторска отговорност) | |
| Лично име | Милетинский, Е. М. |
| Автороска отговорност (Описва отношението между автора и произведението) | глав. ред. |
| Друга информация | Мелетински, Елеазар Моисеевич |
| 9 (RLIN) | 95764 |
| 700 1# - Други автори (авторска отговорност) | |
| Лично име | Мелетински, Елеазар Моисеевич |
| Автороска отговорност (Описва отношението между автора и произведението) | * |
| 9 (RLIN) | 369667 |
| 852 ## - Местоположение | |
| Форматна сигнатура | Цб ІІ 7485 |
| 856 4# - Електронен адрес и достъп | |
| Електронен формат | pdf - файл |
| Път до файла /url/ | |
| 856 4# - Електронен адрес и достъп | |
| Електронен формат | pdf - файл |
| Път до файла /url/ | |
| 942 ## - АРТИКУЛИ | |
| Вид на библиотечния материал | Книги |
| Скрит в OPAC | Не |
| 944 ## - СЪЗДАВАНЕ И РЕДАКЦИЯ на ЗАПИСА | |
| Създаване/Редакция | Създаване |
| Дата на регистрацията/редакция | 13.06.2004 |
| Служител, извършил регистрацията/редакцията | Читалня |
| 944 ## - СЪЗДАВАНЕ И РЕДАКЦИЯ на ЗАПИСА | |
| Създаване/Редакция | Редакция |
| Дата на регистрацията/редакция | 16.11.2015 |
| Служител, извършил регистрацията/редакцията | Валя_Йорданова |
| 999 ## - СИСТЕМНИ КОНТРОЛНИ НОМЕРА | |
| Koha biblionumber | 58440 |
| Koha biblioitemnumber | 58440 |
| Код за отписване | Код за изгубен артикул | Източник на класификационната схема | Код за повреда | Коз за рестрикции | Код за отдаване | Артикулен № | Име на библиотеката - собственик | Име на библиотеката, в която се намира в момента | Статус (Текущо местоположение) | Дата на вписване в системата | Местоположение - отдел | Цена в лева | Инвентарен номер | Систематично азбучна сигнатура | Баркод | Номер на екземпляра | Цена в евро | Служебна бележка | Служебен тип на артикула |
|---|---|---|---|---|---|---|---|---|---|---|---|---|---|---|---|---|---|---|---|
| Не е изгубен | Universal Decimal Classification | Не е повреден | без рестрикции | ползва се в читалня | 95392 | Регионална библиотека "Любен Каравелов" Русе | Регионална библиотека "Любен Каравелов" Русе | Читалня - справочен фонд | 1993-01-01 | Читалня | 10.00 | 534878 | СЧ 29(038)/М 72 | 120000534878 | 1 | 5.11 | Дата инв: 21.03.2017 Бележки инв: СЧ2017 | Книги |